000 00911nam a2200205Ii 4500
003 JO-AjNU
008 230605s9999||||xx |||||||||||||| ||und||
017 _a2009/11/4736
040 _aJO-AjNU
_bara
_erda
_cJO-AjNU
041 _aara
050 1 4 _aDS154.55.H85 2009
100 3 _aتشرها بالفرنسية جم، فريدون صاحب؛ ترجمة غزيل، غازي، مراجعة نصرالله، محمد عزت,
_eauthor
_952795
245 0 0 _aالحسين: ملك المملكة الأردنية الهاشمية: مهنتي كملك: أحاديث ملكية
264 3 1 _aعمان: وزارة الثقافة، 2009
300 _a253ص
_bصور توضيحية
336 _atext
_btxt
_2rdacontent
337 _aunmediated
_bn
_2rdamedia
338 _avolume
_bnc
_2rdacarrier
650 4 _aالاردن- تاريخ - الحسين 1952-1999، الحسين ملك الاردن، 1935-1999
_952796
999 _aA23408
_c26976
_d26976